| 000 | 00799nam a2200229Ia 4500 | ||
|---|---|---|---|
| 003 | GCL | ||
| 008 | 140319s9999 xx 000 0 ara d | ||
| 040 |
_aGCL / _cGCL |
||
| 082 | 0 | 4 |
_a657.9 _bو م |
| 100 | 1 | _aوائل عودة العكشة | |
| 245 | 1 | 0 |
_aمحاسبة الشركات ( اشخاص - اموال ) / _cوائل عودة العكشة |
| 700 | 1 | _aوليد زكريا صيام | |
| 250 | _aالاولى | ||
| 260 |
_aالاردن : _bدار المسيرة للنشر والتوزيع والطباعة ، _c1998 |
||
| 300 |
_a378 ص ؛ _c24 سم |
||
| 650 | 0 | 4 | _aشركات توظيف الاموال |
| 650 | 0 | 4 | _aالشركات المساهمة |
| 650 | 0 | 4 | _aالسندات |
| 650 | 0 | 4 | _aالشركات - محاسبة |
| 650 | 0 | 4 | _aالشركات - تصفية |
| 942 |
_2ddc _cBK |
||
| 999 |
_c5493 _d5493 |
||